000 00356 a2200157 4500
001 159459
020 _a
040 _cMagnum
100 _aSowler, Sandie
240 1 0 _aMundo incrivel: disfarces dos animais
_lpor
245 1 0 _aMundo incrivel: disfarces dos animais
362 0 _a1899
440 1 _aGlobo
697 _aMAGNITO: COLECAO
942 _cBK
999 _c159459
_d159459